Ahoj, Európa! sprievodca mladých Európou a Európskou úniou
Gespeichert in:
| Weitere Verfasser: | , , , |
|---|---|
| Format: | Buch |
| Sprache: | Slowakisch |
| Veröffentlicht: |
Bratislava
Max Media Bratislava
2000
|
| Schlagworte: | |
| Tags: |
Keine Tags, Fügen Sie das erste Tag hinzu!
|
MARC
| LEADER | 00000nam a2200000 4500 | ||
|---|---|---|---|
| 001 | c124790 | ||
| 005 | 20240502071320.1 | ||
| 041 | 0 | |a slo | |
| 044 | |a SK | ||
| 245 | 1 | 0 | |a Ahoj, Európa! |b sprievodca mladých Európou a Európskou úniou |c slovenský preklad: Drahoš Šíbl ... [et al.] |
| 264 | 1 | |a Bratislava |b Max Media Bratislava |c 2000 | |
| 300 | |a CD-ROM | ||
| 610 | 2 | 0 | |a ruch cestovný |
| 610 | 2 | 0 | |a turistika |
| 610 | 2 | 0 | |a integrácia ekonomická medzinárodná |
| 610 | 2 | 0 | |a spolupráca hospodárska medzinárodná |
| 610 | 2 | 0 | |a Európa |
| 610 | 2 | 0 | |a Európska únia |
| 700 | 1 | |a Šíbl, Drahoš | |
| 700 | 1 | |a Šaková, Beáta | |
| 700 | 1 | |a Mogyorosiová, Zuzana, 1975- | |
| 700 | 1 | |a Paule, Gabriela | |